| 000 | 00547nam a2200181 i 4500 | ||
|---|---|---|---|
| 001 | 99520 | ||
| 003 | ES-MaACL | ||
| 005 | 20251122140129.0 | ||
| 007 | t| | ||
| 008 | 050912s1971 sp ||||1| spa d | ||
| 100 | 1 |
_aMartínez, José María. _977767 |
|
| 245 | 1 | 0 |
_aIglesia, sociedad y ética cristiana / _cJosé María Martínez, José Grau. |
| 260 |
_aBarcelona : _bEvangélicas Europeas, _c1971. |
||
| 300 |
_a116 p. ; _c19 cm. |
||
| 700 | 1 |
_aGrau, José, _d1931- _9162643 |
|
| 852 |
_aES-MaACL _jC-45800 _bR.77826 |
||
| 999 |
_c99520 _d99520 |
||